Normal view
MARC view
- Rajesh Singh
Entry Personal Name
001 - CONTROL NUMBER
- control field: 5206
003 - CONTROL NUMBER IDENTIFIER
- control field: OSt
005 - DATE AND TIME OF LATEST TRANSACTION
- control field: 20220617144705.0
008 - FIXED-LENGTH DATA ELEMENTS
- fixed length control field: 220617|| aca||aabn | a|a d
040 ## - CATALOGING SOURCE
- Original cataloging agency: OSt
- Transcribing agency: OSt
100 ## - HEADING--PERSONAL NAME
- Personal name: Rajesh Singh
670 ## - SOURCE DATA FOUND
- Source citation: Work cat.: (OSt)17520: Rajesh Singh, Artificial intelligence in agriculture, 2021
